000 00832nam a2200277Ia 4500
008 181129s9999 xx 000 0 und d
020 _a9789715696579
050 _bF634 2008
100 _aFlores, Lin Acacio
245 4 _aThe reluctant hero /
245 0 _cby Lin Acacio-Flores ; illustrated by Jerome Jacinto.
260 _aMakati, Philippines :
260 _bBookmark,
260 _c2008
300 _aunpaged :
300 _bcolor illustrations ;
300 _c25cm.
440 _aModern heroes for the Filipino youth.
650 _aFinance ministries -- Philippines -- Biography.
650 _aOngpin, Jaime Velayo -- 1938-1987.
650 _aPhilippine literature for kids.
650 _aPhilippines -- Politics and government.
700 _aJacinto, Jerome.
700 _aSeries.
700 _aTitle.
999 _c360200
_d360200